|
|
|
|
| LEADER |
00000nas a2200000 a 4500 |
| 001 |
ssj0000469 |
| 003 |
WaSeSS |
| 005 |
20200512172242.0 |
| 006 |
m d |
| 007 |
cr n |
| 008 |
990901c19799999dcuqr pss o 0 a0eng c |
| 010 |
|
|
|a sn 99023429
|
| 015 |
|
|
|a GBB3A8642
|2 bnb
|
| 016 |
7 |
|
|a 2009694-X
|2 DE-600
|
| 016 |
7 |
|
|a 016556663
|2 Uk
|
| 022 |
|
|
|a 1939-8999
|l 0190-2725
|y 0190-2725
|
| 035 |
|
|
|a (WaSeSS)ssj0000469
|
| 037 |
|
|
|b American Sociological Association, 1307 New York Ave. NW, Ste. 700, Washington D.C. 20005
|
| 040 |
|
|
|a EYM
|b eng
|c EYM
|d OCLCQ
|d NSD
|d CIT
|d OCLCQ
|d OCLCE
|d OCLCQ
|d OCLCF
|d OCLCO
|d OCLCQ
|d DLC
|d DEFHM
|d OCLCO
|d DEBBG
|d OCLCA
|d NLE
|d GILDS
|d OCLCO
|d KSU
|d OCLCA
|d AU@
|d OCLCO
|d UKMGB
|d AUD
|d CGU
|d VT2
|d DLC
|d OCLCA
|d NJT
|d WaSeSS
|
| 042 |
|
|
|a pcc
|a nsdp
|
| 050 |
1 |
4 |
|a HM1
|
| 060 |
0 |
0 |
|a W1
|b SO123TQ
|
| 082 |
1 |
0 |
|a 301
|2 14
|
| 130 |
0 |
|
|a Social psychology quarterly (Online)
|
| 222 |
|
0 |
|a Social psychology quarterly
|b (Online)
|
| 245 |
1 |
0 |
|a Social psychology quarterly
|h [electronic resource].
|
| 260 |
|
|
|a Washington, D.C. :
|b American Sociological Association,
|c 1979-
|
| 260 |
3 |
|
|3 <2019->:
|a Washington, D.C. :
|b SAGE
|
| 310 |
|
|
|a Quarterly
|
| 362 |
0 |
|
|a Vol. 42, no. 1 (Mar. 1979)-
|
| 500 |
|
|
|a Some issues also have a theme title.
|
| 506 |
|
|
|a License restrictions may limit access.
|
| 538 |
|
|
|a Mode of access: World Wide Web.
|
| 588 |
|
|
|a Description based on JSTOR World Wide Web homepage; title from title screen (viewed Sept. 1, 1999).
|
| 588 |
|
|
|a Latest issue consulted: Vol. 70, no. 2 (June 2007) (Ingenta, viewed Sept. 11, 2007).
|
| 650 |
|
0 |
|a Social psychology
|v Periodicals.
|
| 650 |
|
7 |
|a Social psychology.
|2 fast
|0 (OCoLC)fst01122816
|
| 650 |
|
7 |
|a Sozialpsychiatrie
|2 gnd
|
| 650 |
|
7 |
|a Zeitschrift
|2 gnd
|
| 650 |
|
7 |
|a Online-Ressource
|2 gnd
|
| 655 |
|
0 |
|a Electronic journals.
|
| 710 |
2 |
|
|a American Sociological Association.
|
| 776 |
0 |
8 |
|i Print version:
|t Social psychology quarterly
|x 0190-2725
|w (DLC) 82644204
|w (OCoLC)4692447
|
| 780 |
0 |
0 |
|t Social psychology (American Sociological Association : Online)
|x 2326-1501
|w (DLC)sn 99023428
|w (OCoLC)42275886
|
| 856 |
4 |
0 |
|z Full text available from Research Library: 09/01/1995 to 06/30/2013
|u https://search.proquest.com/publication/42344
|